000
00353nam a2200133Ia 4500
008
100328s9999 xx 000 0 und d
082
_b
30370
100
_a
मिराशी वा. वि.
245
_a
कालिदास
260
_b
व्हीनस
630
_a
कालिदास
730
_a
कालिदास
942
_c
BOOK
999
_c
521343
_d
521340